LEADER 01469nam a2200253 i 4500 001 000000243332 003 CaOOAMICUS 005 20150630000000.0 008 150630s1997 it u000 u ita u 013 $a222237 040 $aSeMil$bita 100 1 $aFontana, Alessandra .$0(OLS)http://semarc/name/93975 245 10$aMaddalena di Canossa e l'educazione della Gioventù Femminile nelle aree rurali :$bi "seminari" per le maestre di campagna /$cTesi di Magistero in Scienze Religiose di Alessandra Fontana ; Relatore : Ch.mo prof. Roberto Sani. 260 $aMilano :$b[s.n.],$c1997. 300 $aVIII, 456 c. ;$c30 cm. 500 $aContiene : Bibliografia ; Appendici. - In testa al front : Istituto Superiore di Scienze Religiose di Milano. - Ai pie' del front : Anno Accademico 1996-1997. 650 4$aMaddalena : di Canossa .$0(OLS)http://semarc/subject/7092 650 4$aTesi di laurea.$0(OLS)http://semarc/subject/1690 700 1 $aSani, Roberto,$d<1958- >.$0(OLS)http://semarc/name/23359 710 0 $aIstituto Superiore di Scienze Religiose .$0(OLS)http://semarc/name/2495 850 $aSeMil 852 $aSeMil$W1$xVenegono$y1$m4X I 109$j193678$B193678$CSeMilBibl$Z2$F204414 $8L 996 $6245$aMaddalena di Canossa e l'educazione della Gioventù Femminile nelle aree rurali :$bi "seminari" per le maestre di campagna$9(OLS)http://semarc/title/345163 996 $6260$aMilano :$b[s.n.]$9(OLS)http://semarc/publisher/29709 LEADER 01227nam a2200289 i 4500 001 000000222164 003 CaOOAMICUS 005 20130903000000.0 008 130903s2011 it u000 u ita u 013 $a201061 020 $a978-88-95177-55-7 040 $aSeMil$bita 100 1 $aGreppi, Caterina.$0(OLS)http://semarc/name/77644 245 12$aL'origine del metodo psicofisico esicasta :$banalisi di un antico testo indiano: l'Amrtakunda /$cCaterina Greppi. 260 $aTorino :$bIl Leone verde,$c2011. 300 $a249 p. ;$c20 cm. 490 0 $aL'isola ;$v15 500 $aCon dedica autografa. - Fondo card. C. M. Martini. 650 4$aEsicasmo.$0(OLS)http://semarc/subject/15731 830 2$aL'isola ;$v15.$0(OLS)http://semarc/title/8201 850 $aSeMil 852 $aSeMil$W1$xVenegono$y1$m2R I 131$j172510$B172510$CSeMilBibl$Z2$F183430 $81 941 1 $a4 961 $aLascito: Martini Card. Carlo Maria 996 $6020$a978-88-95177-55-7$9(OLS)http://semarc/number/221573 996 $6245$aL'origine del metodo psicofisico esicasta :$banalisi di un antico testo indiano: l'Amrtakunda$9(OLS)http://semarc/title/318468 996 $6260$aTorino :$bIl Leone verde$9(OLS)http://semarc/publisher/31661